BASIC a first course

Bibliographic Details
Main Author: Thompson, Robert G. (Robert Glenn) 1926- (Author)
Format: Book
Published: Columbus, Ohio Charles E. Merrill 1981
Subjects:

MARC

LEADER 00000cam a2200000 7i4500
001 0000000373
008 021118s1981
090 0 0 |a QA76.73  |b .B3T5 
100 0 |a Thompson, Robert G.  |q (Robert Glenn)  |d 1926-  |e author 
245 1 0 |a BASIC  |b a first course  |c Robert G Thompson 
260 2 |a Columbus, Ohio   |b Charles E. Merrill  |c 1981 
300 |a 371 p.   |c 25 cm 
650 0 |a BASIC (Computer program language) 
999 |a 1000028503  |b Book  |c OPEN SHELF (30 DAYS)  |e Tembila Campus 
999 |a 1000028505  |b Book  |c OPEN SHELF (30 DAYS)  |e Tembila Campus